Taking the TOEIC® 2: Skills and strategies : Intermediate level
Taking the TOEIC 2: Skills and Strategies is designed for pre-intermediate students of Engish who need to start preparation for the TOEIC Listening and Reading test. The book is divided into sections dealing with the areas tested in the TOEIC: listening, grammar, and reading. Each grammar unit in Ch...
Bewaard in:
| Hoofdauteur: | |
|---|---|
| Formaat: | Boek |
| Taal: | Undetermined |
| Gepubliceerd in: |
2016
|
| Onderwerpen: | |
| Tags: |
Voeg label toe
Geen labels, Wees de eerste die dit record labelt!
|
| Thư viện lưu trữ: | Trung tâm Học liệu Trường Đại học Cần Thơ |
|---|
| LEADER | 01396nam a2200193Ia 4500 | ||
|---|---|---|---|
| 001 | CTU_238779 | ||
| 008 | 210402s9999 xx 000 0 und d | ||
| 082 | |a 428.0076 | ||
| 082 | |b T136/L.2 | ||
| 100 | |a Anderson, Peggy | ||
| 245 | 0 | |a Taking the TOEIC® 2: | |
| 245 | 0 | |b Skills and strategies : Intermediate level | |
| 245 | 0 | |c Peggy Anderson, Mary Katherine Chadwick, Nancie McKinnon | |
| 260 | |c 2016 | ||
| 520 | |a Taking the TOEIC 2: Skills and Strategies is designed for pre-intermediate students of Engish who need to start preparation for the TOEIC Listening and Reading test. The book is divided into sections dealing with the areas tested in the TOEIC: listening, grammar, and reading. Each grammar unit in Chapter 2 deals with different grammar points that most commonly appear in the actual TOEIC test and provides grammar and vocabulary exercises based on the specific points dealt with in each unit. The mini-tests in each chapter of the book follow the same style and format as the actual TOEIC test. The final chapter of the book is a full-length practice test, giving students the opportunity to put into practice what they have learned in the previous chapters. | ||
| 650 | |a Tiếng Anh,English language | ||
| 650 | |x Sách cho người nước ngoài,Textbooks for foreign speakers | ||
| 910 | |b vtbtruc | ||
| 980 | |a Trung tâm Học liệu Trường Đại học Cần Thơ | ||